| 000 | 02506nam a22003857a 4500 | ||
|---|---|---|---|
| 001 | 103794 | ||
| 003 | KnowledgeUnlatched | ||
| 005 | 20210303104903.0 | ||
| 006 | m o d | ||
| 007 | cr u|||||||||| | ||
| 008 | 210129p20202020xx o u00| u eng d | ||
| 037 | _5BiblioBoard | ||
| 245 | 0 | 0 |
_aEthnopornography _bSexuality, Colonialism, and Anthropological/Archival Knowledge / _cZeb Tortorici, Neil L. Whitehead, Pete Sigal. |
| 020 | _a9781478004424 | ||
| 024 | 8 | _ahttps://doi.org/10.1215/9781478004424 | |
| 029 | 1 | _ahttps://library.biblioboard.com/ext/api/media/2b3efd3f-6a80-42cf-8ae4-c52b276cb9f3/assets/thumbnail.jpg | |
| 040 |
_aScCtBLL _cScCtBLL |
||
| 506 | 0 |
_aAccess copy available to the general public. _fUnrestricted _2star |
|
| 700 | 1 |
_aTortorici, Zeb _eeditor. |
|
| 700 | 1 |
_aWhitehead, Neil L. _eeditor. |
|
| 700 | 1 |
_aSigal, Pete _eeditor. |
|
| 264 | 1 | _bDuke University Press, | |
| 300 | _a1 online resource (1 p.) | ||
| 520 | _aEthnopornography collects essays that both develop and critique the concept that gives the book its name. Ethnopornography, a term first coined by British anthropologist Walter Roth in the late nineteenth century, refers to the often eroticized observation-for supposedly scientific or academic purposes-of those deemed "other" by the observer. In Roth's case, he was concerned that the descriptions and images he recorded of the bodily and sexual practices of the Aboriginal people he studied were inappropriate for lay readers who might find them vulgar-or worse, titillating. The editors of this collection focus on what it is that creates the slippage between the pornographic and the scientific. In particular, they attend to the importance of race within the colonially created and maintained worlds of both research-ethnography in particular-and pornography. | ||
| 588 | 0 | _aDescription based on print version record. | |
| 590 | _aKU Select 2019: HSS Frontlist Books | ||
| 650 | 7 |
_aPolitical Science / Colonialism & Post-colonialism _2bisacsh |
|
| 650 | 0 | _aPolitical science | |
| 655 | 0 | _aElectronic books. | |
| 758 |
_iIs found in: _aKnowledge Unlatched _1https://openresearchlibrary.org/module/2774bc74-146a-484f-a7ba-ab1d6a09bbfb |
||
| 856 | 4 | 0 |
_uhttps://openresearchlibrary.org/content/2b3efd3f-6a80-42cf-8ae4-c52b276cb9f3 _zView this content on Open Research Library. _70 |
| 999 |
_c32846 _d32846 |
||